000 00611cam a22002411 4500
001 sa 63003206
003 DLC
005 20260227111940.0
008 890717s1962 ii b 000 0 hino
010 _asa 63003206
035 _a(OCoLC)20023647
040 _aDLC
_cWaU
_dDLC
042 _apremarc
043 _aa-ii---
050 0 0 _aPK2042
_b.R3
100 1 _aRastogī, Girīśa.
245 1 0 _aHindī kahānī.
260 _c[1962]
300 _a2, 2, 291, [1] p.
_c23 cm.
500 _aIn Hindi.
504 _aBibliography: p. [1] at end.
650 0 _aShort stories, Hindi
_xHistory and criticism.
999 _c54948
_d54948